=LDR 00000nam 2200000 4500 =001 NUTBA000000000000291 =005 20140320110924.0 =006 =007 =008 =035 ##$$0010-031400000000290 =082 ##$$a 332 46 =090 ##$$b 332 46 Sin H =100 ##$$a Muchdarsyah Sinugan =245 ##$$a kebijaksanaan moneter Orde baru0 =250 ##$$a Ed.2 =260 ##$$a jakarta $b Binai Aksara $c 1987 =300 ##$$a viii,149 hlm $c 20 cm =850 ##$$a NBPNMAT =990 ##$$a 0001/BPAP-NTB/2015